000 00949nam a2200265 a 4500
005 20241025130213.0
008 140217s2012 mx r 000 0 spa d
020 _a9788433024732
035 _aUPN01000195891
049 _aCG
050 4 _aBF575 E5.5
_bE7.5
100 1 _aErskine, Richard G.
_934993
245 1 0 _aMás allá de la empatía :
_buna terapia de contacto-en-la-relación /
_cRichard G. Erskine, Janet P. Moursund, Rebecca L. Trautmann.
260 _aBilbao, Esp. :
_bDesclée de Brouwer,
_c2012.
300 _a487 p. :
_bfigs.
440 0 _aSerendipity.
_pMaior ;
_v43
534 _pTítulo original:
_tBeyond empathy : a therapy of contact-in-relationship
650 2 _aEmpatía
_914918
650 4 _aPsicoterapia
_vEstudio de casos
_922842
650 4 _aRELACIONES OBJETALES (PSICOANALISIS)
_922843
700 1 _aMoursund, Janet P.,
_ecoaut.
700 1 _aTrautmann, Rebecca L.,
_ecoaut.
905 _aLibro
999 _c167992
_d167992